<?xml version="1.0" encoding="UTF-8"?><collection xmlns="info:lc/xmlns/marcxchange-v2"><record format="Unimarc" type="bibliographic"><leader>00638cam  22002291  450 </leader><controlfield tag="001">1819392</controlfield><controlfield tag="003">http://id.bnportugal.gov.pt/bib/porbase/1819392</controlfield><controlfield tag="005">20030616204500.0</controlfield><datafield ind1=" " ind2=" " tag="010"><subfield code="a">0-471-03288-3</subfield></datafield><datafield ind1=" " ind2=" " tag="035"><subfield code="8">02827</subfield></datafield><datafield ind1=" " ind2=" " tag="095"><subfield code="a">PTBN00590949</subfield></datafield><datafield ind1=" " ind2=" " tag="100"><subfield code="a">19910319d1977    k  y0pory0103    ba</subfield></datafield><datafield ind1="0" ind2=" " tag="101"><subfield code="a">eng</subfield></datafield><datafield ind1=" " ind2=" " tag="102"><subfield code="a">US</subfield></datafield><datafield ind1="1" ind2=" " tag="200"><subfield code="a">Manual of mineralogy, after James D. Dana</subfield></datafield><datafield ind1=" " ind2=" " tag="205"><subfield code="a">19th ed</subfield></datafield><datafield ind1=" " ind2=" " tag="210"><subfield code="a">New York</subfield><subfield code="c">John Wiley</subfield><subfield code="d">1977</subfield></datafield><datafield ind1=" " ind2=" " tag="215"><subfield code="a">XI, 532 p.</subfield></datafield><datafield ind1=" " ind2=" " tag="675"><subfield code="a">549</subfield><subfield code="v">BN</subfield><subfield code="z">por</subfield><subfield code="3">288061</subfield></datafield><datafield ind1=" " ind2="1" tag="700"><subfield code="a">Hurlbut Júnior</subfield><subfield code="b">Cornelius S.</subfield><subfield code="f">1909-</subfield><subfield code="3">462180</subfield></datafield><datafield ind1=" " ind2="1" tag="701"><subfield code="a">Klein</subfield><subfield code="b">Cornelis</subfield><subfield code="f">1937-</subfield><subfield code="4">070</subfield><subfield code="3">144932</subfield></datafield><datafield ind1=" " ind2="0" tag="801"><subfield code="a">PT</subfield><subfield code="b">BN</subfield><subfield code="g">RPC</subfield></datafield><datafield ind1=" " ind2=" " tag="977"><subfield code="1">GC-01-5</subfield><subfield code="2">coop</subfield><subfield code="4">UAVSD</subfield><subfield code="6">mq1261083</subfield><subfield code="7">bc</subfield><subfield code="8">coop</subfield><subfield code="9">UAVSD</subfield><subfield code="b">14246</subfield><subfield code="k">0</subfield></datafield><datafield ind1=" " ind2=" " tag="998"><subfield code="a">UAV37-64</subfield></datafield></record></collection>